<?xml version="1.0" encoding="UTF-8"?>
<record
    xmlns:xsi="http://www.w3.org/2001/XMLSchema-instance"
    xsi:schemaLocation="http://www.loc.gov/MARC21/slim http://www.loc.gov/standards/marcxml/schema/MARC21slim.xsd"
    xmlns="http://www.loc.gov/MARC21/slim">

  <leader>00297as aa2200097a 44500</leader>
  <datafield tag="090" ind1=" " ind2=" ">
    <subfield code="a">SERIADAS</subfield>
    <subfield code="b">01478</subfield>
  </datafield>
  <datafield tag="245" ind1="1" ind2="0">
    <subfield code="a">Revista de investigaci&#xF3;n geogr&#xE1;fica</subfield>
  </datafield>
  <datafield tag="260" ind1=" " ind2=" ">
    <subfield code="b">Universidad de Nari&#xF1;o. Facultad de Ciencias Humanas. Departamento de Geograf&#xED;a</subfield>
    <subfield code="a">Colombia</subfield>
  </datafield>
  <datafield tag="041" ind1="0" ind2=" ">
    <subfield code="a">Espa&#xF1;ol</subfield>
  </datafield>
  <datafield tag="942" ind1=" " ind2=" ">
    <subfield code="c">REVISTA</subfield>
  </datafield>
  <datafield tag="999" ind1=" " ind2=" ">
    <subfield code="c">17243</subfield>
    <subfield code="d">17243</subfield>
  </datafield>
  <datafield tag="952" ind1=" " ind2=" ">
    <subfield code="0">0</subfield>
    <subfield code="1">0</subfield>
    <subfield code="4">0</subfield>
    <subfield code="7">0</subfield>
    <subfield code="8">HEMEROTECA</subfield>
    <subfield code="A">2003</subfield>
    <subfield code="B">5</subfield>
    <subfield code="C">4</subfield>
    <subfield code="I">INV2017</subfield>
    <subfield code="a">Villa</subfield>
    <subfield code="b">Villa</subfield>
    <subfield code="d">2004-06-30</subfield>
    <subfield code="e">Universidad de Nari&#xF1;o</subfield>
    <subfield code="l">0</subfield>
    <subfield code="o">SERIADAS 01478</subfield>
    <subfield code="p">016227</subfield>
    <subfield code="r">2015-03-25 00:00:00</subfield>
    <subfield code="t">1</subfield>
    <subfield code="w">2015-03-25</subfield>
    <subfield code="x">Donaci&#xF3;n</subfield>
    <subfield code="y">REVISTA</subfield>
  </datafield>
</record>
